<?xml version="1.0" encoding="UTF-8"?>
<collection xmlns="http://www.loc.gov/MARC21/slim">
 <record>
  <leader>00614pamaa2200193   4500</leader>
  <controlfield tag="001">0000048213</controlfield>
  <controlfield tag="005">20101104090000.0</controlfield>
  <controlfield tag="008">101104                             eng  </controlfield>
  <datafield tag="020" ind1="0" ind2="0">
   <subfield code="a">9781418005382 </subfield>
  </datafield>
  <datafield tag="082" ind1=" " ind2=" ">
   <subfield code="a">621.381 MEA</subfield>
  </datafield>
  <datafield tag="090" ind1="0" ind2="0">
   <subfield code="a">TK7816 </subfield>
   <subfield code="b">MEA 2007</subfield>
  </datafield>
  <datafield tag="100" ind1="1" ind2="0">
   <subfield code="a">MEADE </subfield>
  </datafield>
  <datafield tag="245" ind1="1" ind2="0">
   <subfield code="a">Foundations of electronics  </subfield>
   <subfield code="c">Russell L. Meade.</subfield>
  </datafield>
  <datafield tag="250" ind1="0" ind2="0">
   <subfield code="a">5th ed.</subfield>
  </datafield>
  <datafield tag="260" ind1="0" ind2="0">
   <subfield code="a">Clifton Park, NY: </subfield>
   <subfield code="b">Thomson Delmar Learning, </subfield>
   <subfield code="c">2007.</subfield>
  </datafield>
  <datafield tag="300" ind1=" " ind2=" ">
   <subfield code="a">xxxii, 695p.: </subfield>
   <subfield code="b">ill.col.; </subfield>
   <subfield code="c">28cm.</subfield>
  </datafield>
  <datafield tag="500" ind1="0" ind2="0">
   <subfield code="a">Includes 1 CD-ROM titled &quot;Foundations of electronics / Russell L. Meade&quot;</subfield>
  </datafield>
  <datafield tag="650" ind1="0" ind2="0">
   <subfield code="a">Electronics </subfield>
  </datafield>
  <datafield tag="901" ind1=" " ind2=" ">
   <subfield code="u">www.thomsonlearning.co.uk</subfield>
  </datafield>
 </record>
</collection>
